000 00296nam a22001337a 4500
008 170715b xxu||||| |||| 00| 0 eng d
020 _a9780800627973
041 _aeng
080 _a2
100 _a24
101 _aTEO
245 _aTHE RELIGION OF JESUS THE JEW
_cVERMES, G
942 _2udc
_cBK
999 _c21197
_d21197